000 00476nam a2200181Ia 4500
008 100917s9999 xx 000 0 und d
082 _b54727
100 _aबोरकर कमलाकर
245 _aयात्रकि
260 _bत्रदिल प्रकाशन
_c1982
300 _a79
365 _b6
520 _aनाटक
630 _aयात्रकि
650 _aनाटक
730 _aयात्रकि
942 _cBOOK
999 _c660121
_d660118